[Event "FRA-chT 9900"]
[Site "France"]
[Date "2000.03.30"]
[Round "4.1"]
[White "Vaisser, Anatoli"]
[Black "Gurevich, Mikhail"]
[Result "1/2-1/2"]
[WhiteElo "2549"]
[BlackElo "2694"]
[PlyCount "49"]
[EventDate "2000.02.04"]
[Source "www.chesslib.no"]
[SourceDate "2004.05.04"]

1. d4 d5 2. c4 c6 3. cxd5 cxd5 4. Nc3 Nf6 5. Bf4 Nc6 6. e3 a6 7. Bd3 Bg4 8. Nge2 e6 9. Rc1 Bd6 10. f3 Bh5 11. O-O Bg6 12. Bxd6 Qxd6 13. Nf4 Bxd3 14. Nxd3 O-O 15. Na4 Rfe8 16. Qb3 b5 17. Nac5 e5 18. Nb7 Qd7 19. Qc3 Rac8 20. Nbc5 exd4 21. exd4 Qa7 22. Rfe1 Rxe1+ 23. Rxe1 a5 24. a3 h6 25. b4 1/2-1/2

[Event "Plovdiv"]
[Site "Plovdiv"]
[Date "2003.??.??"]
[Round "?"]
[White "Georgiev, Vl"]
[Black "Dautov, R."]
[Result "0-1"]
[WhiteElo "2596"]
[BlackElo "2610"]
[PlyCount "86"]
[EventDate "2003.??.??"]
[Source "Chess Informant"]
[SourceDate "2003.10.01"]

1. d4 d5 2. c4 c6 3. cxd5 cxd5 4. Nc3 Nf6 5. Bf4 Nc6 6. e3 a6 7. Rc1 Bf5 8. Nf3 Rc8 9. Ne5 e6 10. g4 Nxe5 11. gxf5 Nc4 12. fxe6 fxe6 13. Qb3 Bd6 14. Bxc4 Rxc4 15. Qxb7 Bxf4 16. exf4 O-O 17. Qxa6 Nh5 18. Qxe6+ Kh8 19. Kd1 Rxd4+ 20. Kc2 Nxf4 21. Qe5 Rb4 22. Rcd1 Qb6 23. b3 Qg6+ 24. Kb2 Nd3+ 25. Rxd3 Qxd3 26. Rd1 Qf3 27. Rd2 d4 28. Nd1 Ra8 29. Qg3 Qf6 30. Qd3 h6 31. a3 Rb6 32. Rc2 Qd6 33. a4 Rab8 34. Ka2 Qxh2 35. a5 Rxb3 36. Qxb3 Rxb3 37. Kxb3 Qb8+ 38. Ka4 Qb1 39. Rc8+ Kh7 40. a6 Qxd1+ 41. Ka5 Qa1+ 42. Kb6 d3 43. a7 d2 0-1

[Event "Cup Russia"]
[Site "Serpukhov RUS"]
[Date "2007.11.07"]
[Round "2.1"]
[White "Turov, M."]
[Black "Smirnov, P."]
[Result "1/2-1/2"]
[WhiteElo "2561"]
[BlackElo "2636"]
[PlyCount "113"]
[EventDate "2007.11.05"]
[Source "www.chesslib.no"]
[SourceDate "2004.05.04"]

1. d4 d5 2. c4 c6 3. cxd5 cxd5 4. Nc3 Nc6 5. Nb1 Nb8 6. Nc3 Nc6 7. e4 e5 8. Nxd5 exd4 9. Nf3 Nf6 10. Bc4 Be6 11. Nxd4 Nxe4 12. Nxe6 fxe6 13. Nc3 Qxd1+ 14. Nxd1 Bb4+ 15. Ke2 O-O-O 16. Ne3 Nd4+ 17. Kf1 Rhf8 18. f3 Bc5 19. Ke1 Bb4+ 20. Kf1 b5 21. Be2 Kb7 22. Bd3 Nd2+ 23. Bxd2 Bxd2 24. Kf2 Nf5 25. Be4+ Kb6 26. Nc2 Bf4 27. Rad1 h5 28. g3 Be5 29. b3 g5 30. Rxd8 Rxd8 31. Ke2 h4 32. g4 Nd6 33. Bd3 Rc8 34. Ne3 Bf4 35. Ng2 e5 36. h3 Rc3 37. Nxf4 exf4 38. Kd2 b4 39. Re1 Rc5 40. Re6 Kc6 41. Rg6 Ra5 42. Be4+ Kd7 43. Kd3 Ke7 44. Rg7+ Kf6 45. Rg6+ Ke7 46. Rg7+ Kf8 47. Rd7 Nxe4 48. Kxe4 Rxa2 49. Kf5 Rf2 50. Rd3 Re2 51. Kxg5 Re3 52. Rd8+ Ke7 53. Ra8 Rxf3 54. Rxa7+ Ke6 55. Rb7 Rxb3 56. Kxf4 Rxh3 57. Rxb4 1/2-1/2

[Event "United States of America"]
[Site "United States of America"]
[Date "1993.??.??"]
[Round "?"]
[White "Kaidanov, Gregory S"]
[Black "Shabalov, Alexander"]
[Result "0-1"]
[WhiteElo "2620"]
[BlackElo "2575"]
[PlyCount "74"]
[EventDate "1993.??.??"]
[Source "www.chesslib.no"]
[SourceDate "2004.05.04"]

1. d4 d5 2. c4 c6 3. cxd5 cxd5 4. Bf4 Nc6 5. e3 Nf6 6. Nc3 a6 7. Bd3 Bg4 8. Nge2 e6 9. Rc1 Be7 10. O-O O-O 11. Na4 Nd7 12. f3 Bh5 13. Qb3 Ra7 14. Bg3 Bg6 15. Nf4 Na5 16. Qc3 b5 17. Nxg6 hxg6 18. b4 Nc4 19. Bxc4 dxc4 20. Nc5 a5 21. a3 Nb6 22. bxa5 Nd5 23. Qe1 Qxa5 24. e4 Qxe1 25. Rfxe1 Nc7 26. a4 bxa4 27. Rxc4 a3 28. Nd7 Rd8 29. Nb6 a2 30. Ra1 Bf6 31. Bxc7 Bxd4+ 32. Rxd4 Rxd4 33. Be5 Rb4 34. Nc8 Rb1+ 35. Kf2 Rxa1 36. Bxa1 Rc7 37. Nd6 Rc1 0-1

[Event "TCh-GRE"]
[Site "Aghia Pelagia"]
[Date "2004.07.07"]
[Round "4"]
[White "Gustafsson, Jan"]
[Black "Mastrovasilis, Dimitrios"]
[Result "0-1"]
[WhiteElo "2611"]
[BlackElo "2568"]
[PlyCount "72"]
[EventDate "2004.07.04"]
[Source "Roberto Alvarez"]
[SourceDate "2004.07.12"]

1. d4 d5 2. c4 c6 3. cxd5 cxd5 4. Bf4 Nc6 5. e3 Nf6 6. Nc3 a6 7. Rc1 Bg4 8. f3 Bd7 9. g4 e6 10. Bd3 Be7 11. Nge2 Rc8 12. Kf2 Na5 13. h4 b5 14. b3 Ba3 15. Rc2 Nc6 16. Nb1 Be7 17. a3 O-O 18. h5 Ne8 19. Qg1 f6 20. Qg3 e5 21. dxe5 fxe5 22. Bxe5 Nxe5 23. Qxe5 Rxc2 24. Bxc2 Bxg4 25. Nf4 Nf6 26. h6 Bd6 27. Bxh7+ Kxh7 28. hxg7+ Kxg7 29. Qg5+ Kf7 30. Qg6+ Ke7 31. fxg4 Qc8 32. g5 Ne4+ 33. Kf3 Kd8 34. Qg7 Qc2 35. Rf1 Rxf4+ 36. exf4 Qd3+ 0-1

[Event "32. TCh-GRE"]
[Site "?"]
[Date "2003.07.11"]
[Round "9"]
[White "Miladinovic Igor"]
[Black "Gustafsson Jan"]
[Result "1/2-1/2"]
[WhiteElo "2609"]
[BlackElo "2570"]
[PlyCount "28"]
[EventDate "2003.??.??"]
[Source "www.chesslib.no"]
[SourceDate "2004.05.04"]

1. d4 d5 2. c4 c6 3. cxd5 cxd5 4. Nc3 Nf6 5. Bf4 Nc6 6. e3 a6 7. Bd3 Bg4 8. f3 Bh5 9. g4 Bg6 10. h4 e6 11. Nge2 Be7 12. h5 Bxd3 13. Qxd3 h6 14. Kf2 Nd7 1/2-1/2

[Event "Open"]
[Site "Ascona SUI"]
[Date "2007.12.06"]
[Round "6"]
[White "Stojanovic, Mih"]
[Black "Kritz, L."]
[Result "1/2-1/2"]
[WhiteElo "2582"]
[BlackElo "2596"]
[PlyCount "45"]
[EventDate "2007.12.03"]
[Source "www.chesslib.no"]
[SourceDate "2004.05.04"]

1. d4 d5 2. c4 c6 3. cxd5 cxd5 4. Nc3 Nf6 5. Bg5 e6 6. e3 Nc6 7. Bd3 Be7 8. Nf3 O-O 9. O-O h6 10. Bh4 Nd7 11. Bg3 a6 12. Rc1 Nf6 13. Na4 Nh5 14. Ne5 Nxg3 15. Nxc6 bxc6 16. hxg3 Qc7 17. f4 a5 18. Rf2 Bd7 19. Nc5 Bxc5 20. Rxc5 Rfb8 21. Qh5 Be8 22. g4 a4 23. Rc3 1/2-1/2

[Event "TCh-BEL 2004-5"]
[Site "?"]
[Date "2005.01.16"]
[Round "7"]
[White "Motwani Paul"]
[Black "Gurevich Mikhail"]
[Result "0-1"]
[WhiteElo "2543"]
[BlackElo "2634"]
[PlyCount "78"]
[EventDate "2005.??.??"]
[Source "www.chesslib.no"]
[SourceDate "2004.05.04"]

1. d4 d5 2. c4 c6 3. cxd5 cxd5 4. Nc3 Nf6 5. Bf4 Nc6 6. e3 a6 7. Rc1 Bg4 8. f3 Bh5 9. g4 Bg6 10. h4 h6 11. Bd3 Bxd3 12. Qxd3 e6 13. Nge2 Bd6 14. Kf2 Bxf4 15. Nxf4 Qd6 16. Na4 Nd7 17. Nc5 Nxc5 18. Rxc5 Rd8 19. Kg2 Qe7 20. Rh3 Ne5 21. Qe2 Nc6 22. Qf2 g6 23. Qg3 O-O 24. g5 h5 25. Rh1 Rc8 26. Rhc1 Na7 27. Nd3 Rxc5 28. Rxc5 Nb5 29. Qf4 Nd6 30. b3 Rd8 31. Kh3 Rd7 32. Qf6 Rc7 33. Qxe7 Rxe7 34. Ne5 Kf8 35. Rc2 Ke8 36. Kg3 Kd8 37. Kf4 Nf5 38. Nd3 Rc7 39. Rxc7 Kxc7 0-1

[Event "New York op"]
[Site "New York"]
[Date "1996.??.??"]
[Round "9"]
[White "Van Wely, Loek"]
[Black "Chernin, Alexander"]
[Result "1/2-1/2"]
[WhiteElo "2570"]
[BlackElo "2595"]
[PlyCount "43"]
[EventDate "1996.04.??"]
[Source "www.chesslib.no"]
[SourceDate "2004.05.04"]

1. d4 d5 2. c4 c6 3. cxd5 cxd5 4. Nc3 Nf6 5. Bf4 Nc6 6. e3 a6 7. Nf3 Bg4 8. Be2 e6 9. Qb3 Bxf3 10. Bxf3 Na5 11. Qc2 Be7 12. O-O O-O 13. Rfc1 Rc8 14. Qd1 Nc4 15. Rc2 Qa5 16. Qc1 h6 17. e4 dxe4 18. Nxe4 Nxe4 19. Rxc4 Rxc4 20. Qxc4 Nd2 21. Bxd2 Qxd2 22. Qc3 1/2-1/2

[Event "Zlatibor"]
[Site "?"]
[Date "2006.09.02"]
[Round "8"]
[White "Ivanisevic Ivan"]
[Black "Predojevic Borki"]
[Result "1/2-1/2"]
[WhiteElo "2596"]
[BlackElo "2569"]
[PlyCount "80"]
[EventDate "2006.??.??"]
[Source "www.chesslib.no"]
[SourceDate "2004.05.04"]

1. d4 d5 2. c4 c6 3. cxd5 cxd5 4. Nc3 Nf6 5. Bg5 Nc6 6. Bxf6 gxf6 7. e3 e6 8. Nf3 Bd7 9. Bd3 f5 10. Rc1 Rc8 11. a3 Bd6 12. O-O O-O 13. Na4 b6 14. Nc3 Ne7 15. Qe2 Ng6 16. Rc2 Qf6 17. Bb5 Bxb5 18. Qxb5 Kh8 19. Qa6 Rc7 20. Qd3 Rg8 21. Rfc1 Qg7 22. Kf1 Qh6 23. h3 Nh4 24. Nxh4 Qxh4 25. Ne2 Rxc2 26. Rxc2 Qg5 27. g3 h5 28. h4 Qg4 29. Ke1 Qf3 30. Qd1 Qh1+ 31. Kd2 Qf3 32. Qe1 b5 33. Kc1 b4 34. axb4 Rb8 35. Nf4 Bxf4 36. exf4 Qe4 37. Qd1 Kg7 38. Qxh5 Rxb4 39. Qg5+ Kh7 40. Qh5+ Kg7 1/2-1/2

[Event "4th Comtois It"]
[Site "Belfort FRA"]
[Date "1999.12.13"]
[Round "1"]
[White "Hauchard, A."]
[Black "Gurevich, M."]
[Result "1/2-1/2"]
[WhiteElo "2518"]
[BlackElo "2643"]
[PlyCount "24"]
[EventDate "1999.12.13"]
[Source "www.chesslib.no"]
[SourceDate "2004.05.04"]

1. d4 d5 2. c4 c6 3. cxd5 cxd5 4. Nc3 Nf6 5. Bf4 Nc6 6. e3 a6 7. Be2 e6 8. Nf3 Bd7 9. O-O Be7 10. Ne5 Nxe5 11. Bg5 Neg4 12. Bxf6 Nxf6 1/2-1/2

[Event "Belfort Comtois 4th"]
[Site "Belfort"]
[Date "1999.12.13"]
[Round "1"]
[White "Hauchard, Arnaud"]
[Black "Gurevich, Mikhail"]
[Result "1/2-1/2"]
[WhiteElo "2518"]
[BlackElo "2643"]
[PlyCount "37"]
[EventDate "1999.12.13"]
[Source "ChessBase"]
[SourceDate "2000.04.05"]

1. d4 d5 2. c4 c6 3. cxd5 cxd5 4. Nc3 Nf6 5. Bf4 Nc6 6. e3 a6 7. Be2 e6 8. Nf3 Bd7 9. O-O Be7 10. Ne5 Nxe5 11. Bxe5 Bc6 12. Rc1 O-O 13. Bd3 Nd7 14. Bg3 Rc8 15. Rc2 Qa5 16. Qh5 f5 17. Qe2 Nf6 18. f3 Qd8 19. Rfc1 1/2-1/2

[Event "EUCup 17th"]
[Site "Panormo"]
[Date "2001.09.25"]
[Round "3"]
[White "Miladinovic, Igor"]
[Black "Sokolov, Ivan"]
[Result "1/2-1/2"]
[WhiteElo "2496"]
[BlackElo "2659"]
[PlyCount "97"]
[EventDate "2001.09.22"]
[Source "ChessBase"]
[SourceDate "2001.10.26"]

1. d4 d5 2. c4 c6 3. cxd5 cxd5 4. Nc3 Nf6 5. Bf4 Nc6 6. e3 a6 7. Bd3 Bg4 8. f3 Bh5 9. g4 Bg6 10. h4 e6 11. h5 Bxd3 12. Qxd3 h6 13. Nge2 Be7 14. Kf2 Rc8 15. Rhg1 Nd7 16. Rad1 b5 17. Rg2 b4 18. Na4 Qa5 19. b3 Nb6 20. Nxb6 Qxb6 21. Rc1 Na7 22. Rxc8+ Nxc8 23. Rg1 Nd6 24. Rc1 Nb5 25. Rc8+ Bd8 26. Qc2 O-O 27. Kg2 Be7 28. Rxf8+ Bxf8 29. Bg3 Qb7 30. Nc1 a5 31. Nd3 Qa6 32. Ne5 Nc3 33. Be1 Bd6 34. Nd3 Nb5 35. Nb2 e5 36. dxe5 Bxe5 37. Na4 Bc3 38. Bf2 d4 39. Qd3 dxe3 40. Qd8+ Kh7 41. Qd3+ Kg8 42. Bxe3 Qc6 43. Qd8+ Kh7 44. Nc5 Bf6 45. Qxa5 Bd4 46. Bxd4 Nxd4 47. Ne4 Qc2+ 48. Nf2 Qc6 49. Ne4 1/2-1/2

[Event "Malmo"]
[Site "?"]
[Date "1995.??.??"]
[Round "?"]
[White "Djurhuus, R."]
[Black "Sokolov, I."]
[Result "0-1"]
[WhiteElo "2515"]
[BlackElo "2630"]
[PlyCount "62"]
[EventDate "1995.??.??"]
[Source "ChessBase"]
[SourceDate "1995.06.01"]

1. d4 d5 2. c4 c6 3. cxd5 cxd5 4. Bf4 Nc6 5. Nc3 Nf6 6. e3 Ne4 7. Bb5 e6 8. Nge2 Nxc3 9. Nxc3 Be7 10. O-O O-O 11. a3 Bd7 12. Rc1 Rc8 13. Bd3 Na5 14. e4 dxe4 15. Bxe4 Bf6 16. b4 Nc6 17. d5 Nd4 18. Be3 Qb6 19. Kh1 g6 20. Qd3 Bg7 21. dxe6 fxe6 22. Rfd1 e5 23. h3 Bf5 24. f4 Qe6 25. fxe5 Bxe4 26. Qxe4 Nb3 27. Rc2 Qxe5 28. Qxe5 Bxe5 29. Bh6 Rf5 30. Rb1 Bxc3 31. Rxb3 Rf1+ 0-1

[Event "Asia-chT"]
[Site "Shenyang"]
[Date "1999.10.17"]
[Round "9"]
[White "Dao Thien Hai"]
[Black "Vladimirov, Evgeny"]
[Result "0-1"]
[WhiteElo "2543"]
[BlackElo "2598"]
[PlyCount "80"]
[EventDate "1999.10.10"]
[Source "www.chesslib.no"]
[SourceDate "2004.05.04"]

1. d4 d5 2. c4 c6 3. cxd5 cxd5 4. Nc3 e5 5. e3 e4 6. Qb3 Nf6 7. Nge2 Nc6 8. a3 Bd6 9. h3 O-O 10. Qa2 Be6 11. Bd2 Rc8 12. Nc1 Nd7 13. b4 a5 14. Nb5 Be7 15. Qb1 axb4 16. axb4 f5 17. Be2 g5 18. g3 Kh8 19. Nb3 b6 20. Na7 Nxa7 21. Rxa7 f4 22. exf4 gxf4 23. Bxf4 Rxf4 24. gxf4 Bxb4+ 25. Kd1 Qh4 26. Qa2 Qxf4 27. Ra4 Ba5 28. Qb2 Bc3 29. Qa3 Nc5 30. dxc5 d4 31. Kc2 Qxf2 32. Nc1 Rxc5 33. Kb1 d3 34. Ra8+ Kg7 35. Qa7+ Bf7 36. Qxb6 Be5 37. Ra6 Bg6 38. Qb7+ Kh6 39. Nxd3 exd3 40. Bxd3 Ra5 0-1

[Event "Garmisch"]
[Site "Garmisch"]
[Date "1994.??.??"]
[Round "6"]
[White "Hertneck, Gerald"]
[Black "Stangl, Markus"]
[Result "0-1"]
[WhiteElo "2605"]
[BlackElo "2535"]
[PlyCount "85"]
[EventDate "1994.??.??"]
[Source "ChessBase"]

1. d4 d5 2. c4 c6 3. cxd5 cxd5 4. Nc3 e5 5. e4 dxe4 6. Bb5+ Bd7 7. dxe5 Bb4 8. Bd2 Bxc3 9. Bxd7+ Nxd7 10. Bxc3 Nc5 11. Ne2 Nd3+ 12. Kf1 Qd5 13. Ng3 Ne7 14. Qa4+ b5 15. Qxe4 Rd8 16. Qxd5 Rxd5 17. a3 O-O 18. Ne2 Ng6 19. g3 Ngxe5 20. Kg2 Nc6 21. Nf4 Nxf4+ 22. gxf4 f6 23. Rhd1 Rfd8 24. Rxd5 Rxd5 25. Rc1 Rd6 26. Bb4 Nxb4 27. axb4 Rd4 28. f5 h6 29. Rc7 Rxb4 30. Rxa7 Rf4 31. Rb7 Rxf5 32. b4 Kh7 33. f3 h5 34. Kg3 Kh6 35. h4 Rd5 36. Kh3 g5 37. Rb6 Kg6 38. hxg5 Kxg5 39. Rc6 f5 40. Rc3 Rd4 41. Rb3 Rc4 42. Kg2 h4 43. Kh3 0-1

[Event "Helsinki"]
[Site "?"]
[Date "1992.??.??"]
[Round "?"]
[White "Gulko, B."]
[Black "Sherbakov, R."]
[Result "1-0"]
[WhiteElo "2610"]
[BlackElo "2530"]
[PlyCount "68"]
[EventDate "1992.??.??"]
[Source "ChessBase"]
[SourceDate "1992.06.01"]

1. d4 d5 2. c4 c6 3. cxd5 cxd5 4. Bf4 Qb6 5. Nc3 Nf6 6. Rc1 Bd7 7. e3 Qxb2 8. Bd3 e6 9. Nge2 Qa3 10. O-O a6 11. Be5 Be7 12. e4 Bc6 13. exd5 exd5 14. Ng3 Nbd7 15. Nf5 g6 16. Nb1 Qa4 17. Nd6+ Kf8 18. Qxa4 Bxa4 19. Nxb7 Nxe5 20. dxe5 Nd7 21. f4 Ra7 22. Nd6 Kg7 23. Nc3 Bc6 24. Ne2 Bb5 25. Nxb5 axb5 26. Bxb5 Nc5 27. f5 gxf5 28. Ng3 Rb8 29. Nxf5+ Kf8 30. Nxe7 Rxb5 31. Nxd5 Kg7 32. Rc4 Ra4 33. Ne3 Rxa2 34. Nf5+ Kg6 1-0

[Event "World Cities-ch 2nd"]
[Site "Shenyang"]
[Date "1999.10.05"]
[Round "2"]
[White "Hauchard, Arnaud"]
[Black "Filippov, Valerij"]
[Result "1/2-1/2"]
[WhiteElo "2518"]
[BlackElo "2605"]
[PlyCount "53"]
[EventDate "1999.10.02"]
[Source "www.chesslib.no"]
[SourceDate "2004.05.04"]

1. d4 d5 2. c4 c6 3. cxd5 cxd5 4. Nc3 Nc6 5. Bf4 Nf6 6. e3 Ne4 7. Nge2 Bf5 8. f3 Nxc3 9. Nxc3 e6 10. Bd3 Bg6 11. O-O Bd6 12. Bxd6 Qxd6 13. Rc1 O-O 14. Bxg6 hxg6 15. Na4 e5 16. dxe5 Qxe5 17. Qd2 Rad8 18. Nc5 Qe7 19. Rfe1 Rfe8 20. Nb3 Ne5 21. Nd4 Nc4 22. Qf2 Rc8 23. b3 Ne5 24. Qd2 a6 25. Rxc8 Rxc8 26. Rc1 Rc5 27. Rxc5 1/2-1/2

[Event "Minsk op"]
[Site "?"]
[Date "1996.??.??"]
[Round "8"]
[White "Murzin Lenar"]
[Black "Stripunsky Alexander"]
[Result "0-1"]
[WhiteElo "2560"]
[BlackElo "2560"]
[PlyCount "46"]
[EventDate "1996.??.??"]
[Source "www.chesslib.no"]
[SourceDate "2004.05.04"]

1. d4 d5 2. c4 c6 3. cxd5 cxd5 4. Nc3 Nc6 5. e4 Nf6 6. e5 Ne4 7. Nxe4 dxe4 8. Ne2 Bg4 9. d5 Qa5+ 10. Bd2 Qxd5 11. Nc3 Qd7 12. Qa4 Nxe5 13. Bb5 Nc6 14. Nxe4 e6 15. Rc1 Rc8 16. O-O Be7 17. Bc3 O-O 18. Bxg7 Kxg7 19. Nc5 Qd4 20. Rc4 Bxc5 21. Bxc6 Rfd8 22. Bxb7 Qxc4 23. Qa5 Qxf1+ 0-1

[Event "EUCup 17th"]
[Site "Panormo"]
[Date "2001.09.23"]
[Round "1"]
[White "Bykhovsky, Avigdor"]
[Black "Sokolov, Ivan"]
[Result "0-1"]
[WhiteElo "2443"]
[BlackElo "2659"]
[PlyCount "100"]
[EventDate "2001.09.22"]
[Source "ChessBase"]
[SourceDate "2001.10.26"]

1. d4 d5 2. c4 c6 3. cxd5 cxd5 4. Nc3 Nf6 5. Bf4 Nc6 6. e3 Ne4 7. Bd3 Nxc3 8. bxc3 g6 9. Ne2 Bg7 10. O-O O-O 11. Rc1 e5 12. dxe5 Nxe5 13. Bc2 Nc4 14. Bb3 Re8 15. Nd4 Qa5 16. Re1 Qc5 17. Bxc4 Qxc4 18. Qb3 Qxb3 19. axb3 Bd7 20. Red1 Red8 21. Kf1 a5 22. Ra1 Rdc8 23. Rdc1 b5 24. Ke2 a4 25. bxa4 bxa4 26. Bd6 Ra6 27. Ba3 Rb6 28. Kd2 Rcb8 29. Ra2 g5 30. h3 f5 31. Rcc2 f4 32. Rcb2 fxe3+ 33. fxe3 h5 34. Rxb6 Rxb6 35. Bb4 Kh7 36. Kd3 Kg6 37. Rf2 h4 38. Kc2 Rb8 39. Kd3 Rb6 40. Kc2 Rf6 41. Rxf6+ Bxf6 42. Kd3 Bc8 43. Ke2 Ba6+ 44. Kf3 Bd3 45. Ne6 Be4+ 46. Kf2 Be5 47. Nc5 Bc2 48. Ke2 Bd6 49. Kd2 Bxc5 50. Kxc2 Bxe3 0-1

[Event "Jugoslavija (ch)"]
[Site "?"]
[Date "1999.??.??"]
[Round "?"]
[White "Kosic, D."]
[Black "Ilincic, Z."]
[Result "1-0"]
[WhiteElo "2525"]
[BlackElo "2575"]
[PlyCount "101"]
[EventDate "1999.??.??"]
[Source "Chess Informant"]
[SourceDate "1999.06.01"]

1. d4 d5 2. c4 c6 3. cxd5 cxd5 4. Nc3 Nf6 5. Bf4 a6 6. e3 e6 7. Bd3 Bd6 8. Bxd6 Qxd6 9. f4 b5 10. Nf3 Bb7 11. Ne5 Nbd7 12. O-O Rc8 13. a4 b4 14. Na2 a5 15. Qe2 O-O 16. Nc1 Rc7 17. Nb3 Qb6 18. Rfc1 Rfc8 19. Qf1 Kf8 20. Rxc7 Rxc7 21. Rc1 Ke7 22. h3 Bc6 23. Nxc6+ Rxc6 24. Bb5 Rc7 25. Rxc7 Qxc7 26. Qc1 Qxc1+ 27. Nxc1 Ne4 28. Nb3 Nd6 29. Nxa5 Nxb5 30. axb5 Nb8 31. Nb7 Kd7 32. Nc5+ Kc7 33. Nd3 Kb6 34. Nxb4 Kxb5 35. Nd3 Nc6 36. Kf2 Kc4 37. Ke2 Kb3 38. g4 Na5 39. Ne5 f6 40. Nd7 Kc4 41. Nf8 e5 42. fxe5 fxe5 43. dxe5 d4 44. exd4 Kxd4 45. e6 Nc6 46. Nxh7 Ke5 47. Ng5 Kf4 48. Nf3 Ke4 49. b4 Kd5 50. b5 Ne7 51. Nd4 1-0

[Event "EUCup 17th"]
[Site "Panormo"]
[Date "2001.09.26"]
[Round "4"]
[White "Kantsler, Boris"]
[Black "Zifroni, Dov"]
[Result "1/2-1/2"]
[WhiteElo "2524"]
[BlackElo "2548"]
[PlyCount "51"]
[EventDate "2001.09.22"]
[Source "ChessBase"]
[SourceDate "2001.10.26"]

1. d4 d5 2. c4 c6 3. cxd5 cxd5 4. Nc3 Nf6 5. Bf4 Nc6 6. e3 a6 7. Bd3 Bg4 8. f3 Bh5 9. Nge2 e6 10. O-O Be7 11. Re1 O-O 12. Na4 Nd7 13. a3 Bg6 14. b4 Bg5 15. Nc5 Nxc5 16. bxc5 Bxd3 17. Qxd3 Bxf4 18. Nxf4 b6 19. cxb6 Qxb6 20. Rab1 Qa7 21. Rec1 Rac8 22. Qd2 Ne7 23. Nd3 Rxc1+ 24. Rxc1 Rc8 25. Nc5 Nf5 26. Rb1 1/2-1/2

[Event "ISR-chT"]
[Site "?"]
[Date "2002.04.12"]
[Round "8"]
[White "Kantsler Boris"]
[Black "Zifroni Dov"]
[Result "1/2-1/2"]
[WhiteElo "2519"]
[BlackElo "2543"]
[PlyCount "36"]
[EventDate "2002.??.??"]
[Source "www.chesslib.no"]
[SourceDate "2004.05.04"]

1. d4 d5 2. c4 c6 3. cxd5 cxd5 4. Nc3 Nf6 5. Bf4 Nc6 6. e3 a6 7. Bd3 Bg4 8. f3 Bh5 9. Nge2 e6 10. O-O Be7 11. Rc1 O-O 12. a3 Bg6 13. Na4 Nd7 14. b4 Bg5 15. Nc5 Nxc5 16. bxc5 Bxd3 17. Qxd3 Bxf4 18. Nxf4 b6 1/2-1/2

[Event "Tch-SWE 2002-3"]
[Site "Sweden"]
[Date "2003.03.14"]
[Round "9"]
[White "Degerman, Lars"]
[Black "Hector, Jonny"]
[Result "1/2-1/2"]
[WhiteElo "2492"]
[BlackElo "2570"]
[PlyCount "108"]
[EventDate "2003.01.01"]
[Source "Roberto Alvarez"]
[SourceDate "2003.03.17"]

1. d4 d5 2. c4 c6 3. cxd5 cxd5 4. Nc3 e5 5. e4 dxe4 6. Bb5+ Bd7 7. dxe5 Bb4 8. Bd2 Bxc3 9. Bxd7+ Nxd7 10. Bxc3 Nc5 11. Ne2 Nd3+ 12. Kf1 Qd5 13. Ng3 Rd8 14. Qe2 b5 15. a3 Ne7 16. Rd1 O-O 17. Nxe4 Ng6 18. g3 Qc4 19. Nd6 Qc6 20. Qe4 Qxe4 21. Nxe4 Ngxe5 22. Ke2 f5 23. Nc5 Rfe8 24. Nxd3 Nxd3+ 25. Kf3 g5 26. Rd2 Ne5+ 27. Kg2 Rxd2 28. Bxd2 g4 29. Bc3 Nf3 30. h3 Rd8 31. hxg4 fxg4 32. Rc1 Kf7 33. Kf1 Kg6 34. Ke2 h5 35. Ba5 Re8+ 36. Kf1 Re6 37. Rc5 Re5 38. Rc6+ Kf5 39. Bc3 Rd5 40. Ke2 a5 41. Rf6+ Kg5 42. Rb6 a4 43. Ke3 h4 44. gxh4+ Kxh4 45. Kf4 Kh3 46. Rh6+ Kg2 47. Kxg4 Rc5 48. Rf6 Rc4+ 49. Rf4 Rxf4+ 50. Kxf4 Kxf2 51. Ke4 Ke2 52. Kd5 Kd3 53. Kc5 Kc2 54. Kxb5 Kb3 1/2-1/2

[Event "Team Ch 2004"]
[Site "Gaia"]
[Date "2004.08.07"]
[Round "6.21"]
[White "Matamoros Franco, Carlos"]
[Black "Campora, Daniel"]
[Result "1/2-1/2"]
[WhiteElo "2514"]
[BlackElo "2547"]
[PlyCount "33"]
[EventDate "2004.08.02"]
[Source "Roberto Alvarez"]
[SourceDate "2004.10.05"]

1. d4 d5 2. c4 c6 3. cxd5 cxd5 4. Bf4 Nc6 5. e3 Nf6 6. Nc3 e6 7. Bd3 Be7 8. Rc1 O-O 9. h3 Bd7 10. Nf3 Qb6 11. Qe2 Rfc8 12. O-O Nb4 13. Bb1 Qa6 14. Qxa6 Nxa6 15. Ne5 Nb4 16. Nxd7 Nxd7 17. Ne2 1/2-1/2

[Event "Mind Sports Games - Rapid Team"]
[Site "Pechino CINA"]
[Date "2008.10.16"]
[Round "9"]
[White "Perelshteyn, E."]
[Black "Sveshnikov, E."]
[Result "1-0"]
[WhiteElo "2536"]
[BlackElo "2525"]
[PlyCount "109"]
[EventDate "2008.10.14"]
[Source "www.chesslib.no"]
[SourceDate "2004.05.04"]

1. d4 d5 2. c4 c6 3. cxd5 cxd5 4. Nc3 Nf6 5. Bg5 Nc6 6. Bxf6 gxf6 7. e3 e6 8. Bd3 Bd6 9. Nf3 f5 10. g3 Bd7 11. Rc1 O-O 12. O-O Qe7 13. a3 Rfc8 14. Nb5 Bb8 15. Nh4 a6 16. Nc3 b5 17. Qh5 f6 18. Nxf5 exf5 19. Nxd5 Qd8 20. Qh6 Kh8 21. Nxf6 Qe7 22. Nxd7 Qxd7 23. Qf6+ Qg7 24. Rxc6 Qxf6 25. Rxf6 f4 26. gxf4 Ra7 27. Kg2 Kg7 28. Re6 Kf7 29. Rh6 Kg8 30. Kf3 Kh8 31. Rg1 Rd8 32. Rgg6 a5 33. Bxb5 Rb7 34. a4 Rf7 35. Rf6 Rg7 36. Bd3 Bc7 37. Rxh7+ Rxh7 38. Bxh7 Rb8 39. Be4 Rxb2 40. Rc6 Bb6 41. Rc8+ Kg7 42. Rb8 Bxd4 43. Rxb2 Bxb2 44. Bd5 Kf6 45. e4 Bc1 46. Kg4 Ke7 47. Kf5 Bd2 48. e5 Be1 49. h4 Bxf2 50. h5 Kf8 51. h6 Bg3 52. Kf6 Bxf4 53. h7 Bxe5+ 54. Kxe5 Kg7 55. Ke4 1-0

[Event "Skanska Open"]
[Site "Pardubice"]
[Date "2004.07.30"]
[Round "8"]
[White "Schebler, Gerhard"]
[Black "Borovikov, Vladislav"]
[Result "1/2-1/2"]
[WhiteElo "2463"]
[BlackElo "2587"]
[PlyCount "36"]
[EventDate "2004.07.23"]
[Source "Roberto Alvarez"]
[SourceDate "2004.08.10"]

1. d4 d5 2. c4 c6 3. cxd5 cxd5 4. Nc3 Nf6 5. Bf4 Nc6 6. e3 a6 7. Bd3 Bg4 8. Nge2 e6 9. O-O Bd6 10. Qd2 Bh5 11. Rac1 Bg6 12. h3 O-O 13. Bxd6 Qxd6 14. Na4 Bxd3 15. Qxd3 Nd7 16. Qd2 Rfc8 17. Nc5 Nxc5 18. Rxc5 Ne7 1/2-1/2

[Event "Cannes Open"]
[Site "Cannes FRA"]
[Date "1994.??.??"]
[Round "5"]
[White "Dorfman, Josif D"]
[Black "Prie, Eric"]
[Result "1-0"]
[WhiteElo "2570"]
[BlackElo "2475"]
[PlyCount "41"]
[EventDate "1994.02.??"]
[Source "www.chesslib.no"]
[SourceDate "2004.05.04"]

1. d4 d5 2. c4 c6 3. cxd5 cxd5 4. Nc3 Nf6 5. Bf4 Nc6 6. e3 a6 7. Bd3 e6 8. Rc1 Bd6 9. Bg3 O-O 10. Nf3 Re8 11. Ne5 Bxe5 12. dxe5 Nd7 13. f4 Nc5 14. Bb1 b6 15. O-O a5 16. Qg4 f5 17. exf6 Qxf6 18. Bxh7+ Kxh7 19. Qh5+ Qh6 20. Qxe8 Bb7 21. Qf7 1-0

[Event "BL2-West 9900"]
[Site "Germany"]
[Date "1999.11.07"]
[Round "2.1"]
[White "Kishnev, Sergey"]
[Black "Van der Wiel, John TH"]
[Result "1/2-1/2"]
[WhiteElo "2495"]
[BlackElo "2544"]
[PlyCount "32"]
[EventDate "1999.10.??"]
[Source "ChessBase"]
[SourceDate "2000.03.10"]

1. d4 d5 2. c4 c6 3. cxd5 cxd5 4. Nc3 Nf6 5. Bf4 Nc6 6. e3 Bf5 7. Qb3 Na5 8. Bb5+ Bd7 9. Qa4 Nc6 10. Nf3 a6 11. Bxc6 Bxc6 12. Qb3 e6 13. Ne5 Nd7 14. Nxc6 bxc6 15. O-O c5 16. Rfd1 c4 1/2-1/2